| 000 | 00631nam a2200217 u 4500 | ||
|---|---|---|---|
| 001 | 65911 | ||
| 005 | 20180714073444.0 | ||
| 008 | 160809s2012 mx r 000 0 spa d | ||
| 020 | _a978-970-612-491-3 | ||
| 082 |
_a200.1 _bFRA |
||
| 100 | 1 | _aFrancisco | |
| 245 | 1 | 0 | _aCentenario de la Rerum Novarum. |
| 250 | _aPrimera edición | ||
| 264 |
_aMéxico : _bEdiciones Paulinas; S.A. de C.V. _c2012 |
||
| 300 |
_a116 Páginas ; _c23 cm. |
||
| 336 |
_atexto _2rdaconten |
||
| 337 |
_asin mediación _2rdamedia |
||
| 338 |
_avolumen _2rdacarrier |
||
| 490 | 1 | _AActas y documentos potificios | |
| 650 | 0 | _aReligión | |
| 999 |
_c65911 _d65911 |
||